000 01732nam a2200217 a 4500
008 120416s9999 xx |||||||||||||| || u
050 _aNA 109.G7 Ash
100 _aAshurt, John
245 1 0 _aPractical building conservation
246 _aEnglish heritage technical handbook
350 _a0.00
995 _aANNEX COLLECTION (Main Library)
_D0.00
_e721997
_FCBU-MAIN LIBRARY (Kitwe)
_H8
_I0.00
_jNA 109.G7 Ash
_UAVAILABLE
_y009812
_ZAnnex Low-Usage Collection
995 _aMAIN LIBRARY OPEN ACCESS
_D0.00
_e722000
_FCBU-MAIN LIBRARY (Kitwe)
_H4
_I0.00
_jNA 109.G7 Ash
_UAVAILABLE
_y009815
_ZMain Library Open Access Collection
995 _aMAIN LIBRARY OPEN ACCESS
_D0.00
_e721994
_FCBU-MAIN LIBRARY (Kitwe)
_H3
_I0.00
_jNA 109.G7 Ash
_UAVAILABLE
_y009808
_ZMain Library Open Access Collection
995 _aMAIN LIBRARY OPEN ACCESS
_D0.00
_e721993
_FCBU-MAIN LIBRARY (Kitwe)
_H1
_I0.00
_jNA 109.G7 Ash
_UAVAILABLE
_y009809
_ZMain Library Open Access Collection
995 _aANNEX COLLECTION (Main Library)
_D0.00
_e721999
_FCBU-MAIN LIBRARY (Kitwe)
_H6
_I0.00
_jNA 109.G7 Ash
_UAVAILABLE
_y009814
_ZAnnex Low-Usage Collection
995 _aANNEX COLLECTION (Main Library)
_D0.00
_e721998
_FCBU-MAIN LIBRARY (Kitwe)
_H7
_I0.00
_jNA 109.G7 Ash
_UAVAILABLE
_y009807
_ZAnnex Low-Usage Collection
995 _aMAIN LIBRARY OPEN ACCESS
_D0.00
_e721992
_FCBU-MAIN LIBRARY (Kitwe)
_H2
_I0.00
_jNA 109.G7 Ash
_UAVAILABLE
_y009810
_ZMain Library Open Access Collection
995 _aANNEX COLLECTION (Main Library)
_D0.00
_e721995
_FCBU-MAIN LIBRARY (Kitwe)
_H9
_I0.00
_jNA 109.G7 Ash
_UAVAILABLE
_y009811
_ZAnnex Low-Usage Collection
995 _aANNEX COLLECTION (Main Library)
_D0.00
_e721996
_FCBU-MAIN LIBRARY (Kitwe)
_H5
_I0.00
_jNA 109.G7 Ash
_UAVAILABLE
_y009813
_ZAnnex Low-Usage Collection
999 _c82107
_d82107